000 00468nam a2200169Ia 4500
999 _c5607
_d5607
003 OSt
005 20200127152047.0
008 190216s9999||||xx |||||||||||||| ||und||
020 _a8170141176
040 _coclc
082 _a338
_bDHI/B
100 _aDhingra, Ishwar C
_9494
245 0 _aBusiness Economics /
_cI C Dhingra
260 _bSulthan Chand&Sons,
_c1997.
_aNew Delhi:
300 _a455p
942 _cBK
_2ddc
_h338
_iDHI/B
_k338
_mDHI/B